000
00286nam a22001337a 4500
008
170419b xxu||||| |||| 00| 0 eng d
020
_a
9780815328186
041
_a
eng
080
_2
3RD
_a
573
100
_a
11
101
_a
SHM
245
_a
IMMUNO BIOLOGY
_c
JANEWAY
942
_2
udc
_c
BK
999
_c
11300
_d
11300